Matrix Computations, 2/e (Record no. 301105)
[ view plain ]
| 000 -LEADER | |
|---|---|
| fixed length control field | 00344 a2200145 4500 |
| 001 - CONTROL NUMBER | |
| control field | 66032 |
| 082 ## - DEWEY DECIMAL CLASSIFICATION NUMBER | |
| Classification number | 512.9434GOL |
| 090 ## - LOCALLY ASSIGNED LC-TYPE CALL NUMBER (OCLC); LOCAL CALL NUMBER (RLIN) | |
| -- | 38386 |
| -- | 38386 |
| 100 ## - MAIN ENTRY--PERSONAL NAME | |
| Personal name | Golub |
| 245 ## - TITLE STATEMENT | |
| Title | Matrix Computations, 2/e |
| 250 ## - EDITION STATEMENT | |
| Edition statement | 2 |
| 260 ## - PUBLICATION, DISTRIBUTION, ETC. | |
| Place of publication, distribution, etc. | Lodon |
| Name of publisher, distributor, etc. | Johns Hopkins Uni Press |
| Date of publication, distribution, etc. | 1989 |
| 300 ## - PHYSICAL DESCRIPTION | |
| Extent | 642p. |
| Other physical details | Photocopy |
| 500 ## - GENERAL NOTE | |
| General note | MS textbook Aerospace |
| 942 ## - ADDED ENTRY ELEMENTS (KOHA) | |
| Institution code [OBSOLETE] | NUST CAE |
| Call number prefix | 512.9434GOL |
| Withdrawn status | Lost status | Damaged status | Not for loan | Collection code | Permanent Location | Current Location | Date acquired | Total Checkouts | Full call number | Barcode | Date last seen | Price effective from | Koha item type |
|---|---|---|---|---|---|---|---|---|---|---|---|---|---|
| College of Aeronautical Engineering (CAE) | College of Aeronautical Engineering (CAE) | 04/03/2017 | 512.9434GOL | CAEN-585 | 04/05/2017 | 04/05/2017 | Book | ||||||
| College of Aeronautical Engineering (CAE) | College of Aeronautical Engineering (CAE) | 04/03/2017 | 512.9434GOL | CAEN-587 | 04/05/2017 | 04/05/2017 | Book | ||||||
| College of Aeronautical Engineering (CAE) | College of Aeronautical Engineering (CAE) | 04/03/2017 | 512.9434GOL | CAEN-586 | 04/05/2017 | 04/05/2017 | Book |
